000 00352nam a22001577a 4500
020 _a978-9327225525
041 _aENG
100 _aSaha A.K
245 _aText book of Soil Physics
250 _a2 Edition
260 _aNew Delhi
_bKalyani Publishers
_c2016
300 _a523
650 _aSoil Scince
700 _aAnuradha Saha
856 _uSWCE
999 _c13
_d13